000 01883cam a2200361 i 4500
999 _c234133
_d234133
001 18052891
003 Nust
005 20170314115935.0
008 140227s2016 maua b 001 0 eng
010 _a 2014008000
020 _a81-7888-264-7
035 _a(DNLM)101626957
040 _aDNLM/DLC
_cASAB
_erda
_dDLC
042 _apcc
050 0 0 _aQH390
_b.D44 2016
060 1 0 _aW 82
082 0 0 _a572.8/38
_223
100 1 _aDehlinger, Carolyn,
_eauthor.
245 1 0 _aMolecular biotechnology /
_cvatsala piramal
300 _axvii, 240 pages :
_billustrations (chiefly color) ;
_c28 cm
336 _atext
_2rdacontent
337 _aunmediated
_2rdamedia
338 _avolume
_2rdacarrier
504 _aIncludes bibliographical references and index.
505 0 _aThe emergence of molecular biotechnology -- The molecular biotechnology industry today -- Governmental regulation of molecular biotechnology -- Bioinformatics: genomics, proteomics, and phenomics -- Industrial biotechnology -- Life sciences and health care -- Environmental biotechnology and conservation -- Agriculture and food production -- Forensics and biodefense -- Evo devo: the biotechnology of evolution and development -- The biotechnology of anthropology -- The future of biotechnology.
650 1 2 _aBiotechnology.
650 2 2 _aGenetic Engineering.
650 2 2 _aMolecular Biology.
906 _a7
_bcbc
_corignew
_d1
_eecip
_f20
_gy-gencatlg
942 _2ddc
_cBK